000 013430000a22002770004500
003 EG-GICUC
005 20250223025259.0
008 080520s2006 ua b f m 000 0 ara d
040 _aEG-GICUC
_bara
_cEG-GICUC
041 0 _aara
049 _aاهداء
097 _aماجستير
099 _aCai01.05.07.M.Sc.2006.وا.ا
100 0 _aوائل مصطفى حسن العراقى
245 1 0 _aابعاد المشروع الوطنى فى ضوء السياسات التنموية السائدة :
_bدراسة فى الفترة من 1981 - 1997 /
_cوائل مصطفى حسن العراقى ؛ اشراف عبدالله سيد هديه : محمد احمد عبدالنعيم
246 1 5 _aThe dimensions of the national project and the present developmental policies (1981 - 19997 )
260 _aبورسعيد :
_bوائل مصطفى حسن العراقى :
_c2006
300 _a254 ص :
_bخرائط ؛
_c25سم
502 _aاطروحة (ماجستير) - جامعة قناة السويس - كلية التجارة ببورسعيد - قسم العلوم السياسية
700 0 _aعبدالله سيد هديه :
_eمشرف
700 0 _aمحمد احمد عبدالنعيم :
_eمشرف
856 _uhttp://172.23.153.220/th.pdf
905 _aNazla
_eRevisor
905 _aSoheir
_eCataloger
942 _2ddc
_cTH
999 _c9537
_d9537